Statistics for Drugs affecting the nervous system

Click here to take the quiz!

General Stats

  • This quiz has been taken 18 times
  • The average score is 5 of 30

Answer Stats

HintAnswer% Correct
Analgesic, binds CNS opiate receptors to decrease pain.Morphine
80%
Nicotinic cholinergic receptor agonistNicotine
47%
SSRI antidepressant, begins with F...Fluoxetine
40%
Blocks effects of opioids, especially in overdoseNaloxone
40%
Converted by Cyp450 to morphine, used in pain reliefCodeine
27%
Opioid pain medication, begins with T...Tramadol
27%
Atypical antipsychotic, partial 5-HT1A agonist as well as D2 antagonistClozapine
20%
Dopamine precursor, can cross blood-brain-barrier. Used in Parkinson's treatment.L-DOPA
20%
Tricyclic antidepressant - 5HT/NA reuptake inhibitorAmitriptyline
13%
Positive modulator of GABAA receptors, used in treatment of anxiety, insomniaDiazepam
13%
Antipsychotic with high affinity D2 antagonism, begins with H...Haloperidol
13%
Local anaesthetic, blocks Na channelsLidocaine
13%
Treatment of major depressive disorder, begins with L...Lithium
13%
Antiemitic - highly specific 5-HT3R antagonistOndansetron
13%
Used in anaesthesia to decrease consciousness, potentiates GABAA receptor activity.Propofol
13%
Insomnia treatment, increases effect of GABA at GABAA receptorTemazepam
13%
Anxiolytic psychotropic, 5-HT1A partial agonist.Buspirone
7%
Prevents accommodation of eye, muscarinic antagonistCyclopentolate
7%
General anaesthetic, binds GABA, glutamate, glycine receptors - exact mechanism not clearly delineated.Isoflurane
7%
Anti-seizure medication, voltage dependent block of VGNa channels, begins with Ph..Phenytoin
7%
Induces, maintains general anaesthesia. Positive modulator of GABAA receptorSevoflurane
7%
Non-depolarising block at NMJVecuronium
7%
Antidepressant - 5-HT/ NA reuptake inhibitor, begins with V...Venlafaxine
7%
Used for peripheral nerve block/ epidural block - binds intracellular portion of VGNa channels, preventing depolarisation.Bupivacaine
0%
Use-dependent VGNa channel blocker, used in treatment of epilepsy and neuropathic pain.Carbamazepine
0%
Antipsychotic, primarily blocking D2 receptorsChlorpromazine
0%
MAO inhibitor used as antidepressant, anxiolyticPhenelzine
0%
Inverse alpha1 agonist used as anxiolyticPrazosin
0%
5-HT receptor agonist used in treatment of migraineSumatriptan
0%
Used to treat epilepsy, bipolar disorder. Increased levels of GABA, blocked of VGNa channelsValproate
0%

Score Distribution

Percentile by Number Answered

Percent of People with Each Score

Your Score History

You have not taken this quiz